| 000 | 00443cam a22001217a 4500 | ||
|---|---|---|---|
| 008 | 180718b-- xxu||||| |||| 00| 0 eng d | ||
| 082 | _aL906x5462 G | ||
| 245 | _aAccounts at a glance, Himachal Pradesh | ||
| 260 |
_aShimla _bAccountant General (Audit) _c-- |
||
| 500 | _aLibrary has 1998/99, 2003/04-2006/07, 2008/09-2010/11 | ||
| 650 | _aHimachal Pradesh - Appropriations and expenditures | ||
| 700 | _aHimachal Pradesh. Accountant General (Audit) | ||
| 999 |
_c491296 _d491296 |
||